000 00482pab a2200169 454500
008 180718b2006 xxu||||| |||| 00| 0 eng d
100 _aBarr, Abigail
245 _aA client-community assessment of the NGO sector in Uganda
260 _c2006
300 _ap.611-39.
362 _aMay
650 _aNongovernmental organizations - Uganda
650 _aNongovernmental organizations
700 _aFafchamps, Marcel
773 _aJournal of Development Studies
909 _a70347
999 _c70347
_d70347